LEADER 01141nam a2200289 i 4500 001 000000063499 003 CaOOAMICUS 005 20100128000000.0 008 100128s1988 it u000 u ita u 013 $a34671 020 $a88-396-0156-2 040 $aSeMil$bita 100 1 $aTardif, Emiliano.$0(OLS)http://semarc/name/32090 240 10$aJesús esta vivo.$0(OLS)http://semarc/title/100328 245 10$aCristo Gesù è vivo /$cEmiliano Tardif, José H. Prado Flores. 250 $a6. Rist. 260 $aNapoli :$bEd. Dehoniane,$c1988. 300 $a183 p. ;$c19 cm. 650 4$aGuarigione.$0(OLS)http://semarc/subject/5424 650 4$aMalati - Assistenza religiosa.$0(OLS)http://semarc/subject/12439 700 1 $aPrado Flores, José H.$0(OLS)http://semarc/name/32091 850 $aSeMil 852 $aSeMil$W1$xVenegono$y1$m2X I 239$j29652$B29652$CSeMilBibl$Z2$F29655 $81 961 $aOmaggio: Donazione 996 $6020$a88-396-0156-2$9(OLS)http://semarc/number/40225 996 $6245$aCristo Gesù è vivo$9(OLS)http://semarc/title/100327 996 $6260$aNapoli :$bEd. Dehoniane$9(OLS)http://semarc/publisher/40376 LEADER 00466nab a2200145 i 4500 001 000000310020 003 CaOOAMICUS 005 20180831173005.0 008 180831n xx uu u0 0und r 013 $a19114 040 $aSeMil$bita 100 1 $aPerin, Giuseppe.$0(OLS)http://semarc/name/629 245 10$aS. Tommaso, Dante e la Filosofia. 773 0 $t[Luglio-Dicembre].$g61-74,353-365,5$w()273973 996 $6245$aS. Tommaso, Dante e la Filosofia$9(OLS)http://semarc/title/384897